000 00343nam a2200157Ia 4500
008 210210b1932 xxu||||| |||| 00| 0 eng d
041 _aeng
082 _a534/18
100 _aCAPSTICK (J W)
245 _aSound
260 _aCambridge
_bUniversity Press
_c1932
300 _a296
650 _aSound
690 _aSound
906 _a008506
999 _c126447
_d126447